| 000 | 00646nam a22002177a 4500 | ||
|---|---|---|---|
| 005 | 20260216093733.0 | ||
| 008 | 260216b |||||||| |||| 00| 0 eng d | ||
| 020 | _a9789348242099 | ||
| 037 | _cTB | ||
| 040 |
_aCRL _cCRL |
||
| 041 |
_2eng _aeng |
||
| 084 |
_aO111 R5 _qCRL |
||
| 100 |
_aHalder,Panchanan _91115976 |
||
| 245 |
_aGolden Leaves _bGuide to impart knowledge about English prose |
||
| 260 |
_aWest Bengal, India: _bAvenel press _c2025. |
||
| 300 | _a496p. | ||
| 365 |
_b700 _cINR |
||
| 650 |
_aEnglish Literature _91115977 |
||
| 942 |
_2CC _cTB _hO111 R5 _n0 |
||
| 999 |
_c1679717 _d1679717 |
||